000
00274cam a2200145ua 4500
041
_a
hin
_h
082
_a
891.54
_b
VIR/NI
100
_a
Viraj, .
245
_a
Nibandh lekhan
250
_a
1 /
_b
.
300
_a
302 ; .
504
_a
942
_c
BK
999
_c
213
_d
213